Nommez une capitale valide #2 - Statistiques

Statistiques générales
  • Ce quiz a été pris 22 919 fois
    22 876 depuis la dernière actualisation
  • Le résultat moyen est 8 sur 17
Statistiques - réponses
Nommez une capitale qui... Réponse % Correct
Commence par la lettre O Oslo | Ottawa | Ouagadougou | Oulan Bator
93%
A deux mots dans son nom et le premier est "Saint" Saint-George's | Saint-Marin | Saint John's | Saint Domingue
75%
Est mentionné dans l'Ancien Testament Damas | Jerusalem
65%
N'est pas la seule capitale du pays Sucre | La Paz | Pretoria | Le Cap | Bloemfontein
62%
A un Z dans son nom Zagreb | Vaduz | La Paz | Brazzaville
58%
A une latitude en-dessous de 30° Sud Wellington | Canberra | Montevideo | Buenos Aires | Le Cap | Santiago
56%
Est sur une île Caribéenne La Havane | Saint-Domingue | Port-au-Prince | Kingston | +9 autres
55%
Est en-dessous du niveau de la mer Bakou | Amsterdam
48%
Situé à moins de 75 km d'une autre capitale Rome | Vatican | Kinshasa | Brazzaville | Vienne | Bratislava | Amman | Jerusalem
48%
Où l'on peut voir l'Himalaya Islamabad | Katmandou | Thimphou
44%
A une température quotidienne moyenne d’au moins 33° Celsius Khartoum | Niamey | Ndjamena | Bamako | +10 autres
44%
Où un marin pourrait naviguer droit vers le sud et arriver en Antarctique sans rencontrer de terre au milieu Accra | Le Cap | Conakry | Dakar | Lima | Lomé | Monrovia | Montevideo | Wellington
39%
N'est pas l'une des 5 plus grandes villes de son pays (par nombre d'habitants) Bloemfontein | Canberra | Islamabad | Rabat | Sri Jayawardenapura Kotte | Sucre | La Valette | Washington D.C.
39%
Qui a ou avait le plus grand bâtiment au monde Washington | Paris
35%
Où l'on peut voir le Caucase Bakou | Tbilissi | Erevan
34%
A un empereur Tokyo
29%
Est l'un des 200 prénoms les plus donnés aux bébés aux États-Unis en 2021 Sofia | Santiago | Victoria | Kingston
22%
Aucun quiz correspondant
Distribution des résultats
% des personnes avec chaque résultat
Percentile par nombre de réponses
Votre historique - résultats
Vous n’avez pas pris ce quiz depuis la dernière actualisation